Further papers on the Wisconsin loess of southwestern Iowa, 1953-1954 /

Bibliographic Details
Main Author: Davidson, D. T. (Donald Thomas), 1919-
Format: Book
Language:English
Published: Ames : Iowa Engineering Experiment Station, Iowa State College, 1954.
Series:Engineering report (Iowa Engineering Experiment Station) ; . no. 22.
Subjects:

MARC

Tag First Indicator Second Indicator Subfields
LEADER 00000cam a2200000 4500
001 in00000099388
005 20150926125608.0
008 800403s1954 iauab s00010 eng d
035 |a (OCoLC)06162147 
035 |9 AAL3809AM 
040 |a TXA  |c TXA  |d UtOrBLW 
049 |a TXAM  |c [434585] 
090 |a TA7  |b .I83 no. 22 
100 1 |a Davidson, D. T.  |q (Donald Thomas),  |d 1919- 
245 1 0 |a Further papers on the Wisconsin loess of southwestern Iowa, 1953-1954 /  |c By D.T. Davidson and associates. 
264 1 |a Ames :  |b Iowa Engineering Experiment Station, Iowa State College,  |c 1954. 
300 |a 1 volume (various pagings) :  |b illustrations, maps, tables. 
336 |a text  |b txt  |2 rdacontent 
337 |a unmediated  |b n  |2 rdamedia 
338 |a volume  |b nc  |2 rdacarrier 
490 1 |a Iowa Engineering Experiment Station. Engineering report no. 22 
650 0 |a Loess. 
650 0 |a Road materials  |x Testing. 
650 0 |a Soils  |z Iowa. 
830 0 |a Engineering report (Iowa Engineering Experiment Station) ;  |v . no. 22. 
999 |a MARS 
999 f f |s c57b0fff-22c6-3ede-a5b0-bcfb9d41be13  |i b337148d-f788-3d87-8124-2fd69c4fe620  |t 0 
952 f f |p ric  |a Texas A&M University  |b Rellis Campus  |c Joint Library Facility  |d Remote Storage  |t 0  |e TA7 .I83 no. 22  |h Library of Congress classification  |i unmediated -- volume  |m A14805285107 
998 f f |a TA7 .I83 no. 22  |t 0  |l Remote Storage